Statistics for frozen For the first time in forever lyrics

Click here to take the quiz!

General Stats

  • This quiz has been taken 136 times
  • The average score is 37 of 58

Answer Stats

HintAnswer% Correct
The ______ is open, so's that doorwindow
96%
For the ____ time in foreverfirst
85%
But for the _____ time in foreverfirst
85%
I didn't ____ ____ did that anymoreknow they
84%
'Cause ___ ___ _____ ____ __ _______for the first time in forever
79%
__ __ ____ ___ __ ________For the first time in forever
79%
What if I meet... ___ ___?the one
79%
I won't be _____alone
78%
For the first time in _______forever
78%
'Cause for the first time in ______forever
78%
For the first time __ ______in forever
78%
For the first time __ ______in forever
78%
Why have a ________ with no balls?ballroom
76%
I'll be _______ through the nightdancing
76%
I suddenly see him ______ therestanding
76%
Finally they're _______ up the gatesopening
75%
It'll be ______ strangetotally
75%
'Cause for __ ____ ___ _ _______the first time in forever
74%
I wanna stuff some _________ in my facechocolate
71%
There'll be _____, there'll be lightmusic
71%
But I'm ________ in that zonesomewhere
71%
I can't wait to meet ______!everyone
69%
But wow, am_ __ _____ for this change!I so ready
69%
I could be noticed by _______someone
69%
The ____gate
65%
Be the ____ ____ you always have to begood girl
65%
There'll be _____ ____ live peopleactual real
63%
Tell the _____ __open up the gateguards to
63%
Don't let ____ __, don't let them seethem in
63%
But it's only for _____today
63%
At least I've got a ______chance
62%
_______Conceal
60%
______, don't feel, put on a showConceal
60%
But it's ___ for todayonly
60%
For years I've _____ these empty hallsroamed
60%
It's agony to ____wait
60%
Don't know if I'm _____ or gassyelated
59%
It's _____ to waitagony
57%
And I know it is totally _____crazy
57%
Make one ____ ____ and everyone will knowwrong move
57%
Don't let them in, ____ __ ___ ___don't let them see
56%
Who knew we owned ____ ________ salad plates?eight thousand
56%
Conceal, ____ ___, don't let them knowdon't feel
54%
Fetchingly _____ against the walldraped
53%
The picture of ___________ gracesophisticated
53%
A beautiful stranger, ____ ___ ____tall and fair
53%
A chance to ___ true lovefind
51%
But then we____ __ ___ all evening,laugh and talk
51%
There'll be ____, there'll be funmagic
51%
Be the good girl __ _____ ___ __ __you always have to be
49%
Tonight ______ me gown and allimagine
47%
______'_ in my way!Nothing's
47%
To dream I'd find _______romance
47%
I'm getting what I'm _______ ofdreaming
43%
Which is totally _____bizarre
41%
______ ____the life I've led so farNothing like
37%
I know it all ends ________, So it has to be today 'tomorrow
32%
A chance to _____ my lonely worldchange
31%

Score Distribution

Percentile by Number Answered

Percent of People with Each Score

Your Score History

You have not taken this quiz